Cảm nhận về "khoảng lặng" trong múa đương đại /
Saved in:
| Main Author: | |
|---|---|
| Format: | Article |
| Language: | Vietnamese |
| Subjects: | |
| Tags: |
Add Tag
No Tags, Be the first to tag this record!
|
| Institutions: | Thư viện Trường Đại học Đà Lạt |
|---|
| LEADER | 00793nam a2200265 4500 | ||
|---|---|---|---|
| 001 | DLU170182346 | ||
| 005 | ##20171205 | ||
| 040 | # | # | |a DLU |b vie |
| 041 | # | # | |a vie |
| 044 | # | # | |a vn |
| 100 | # | # | |a Anh Phương. |
| 245 | # | # | |a Cảm nhận về "khoảng lặng" trong múa đương đại / |c Anh Phương. |
| 653 | # | # | |a Biên đạo múa |
| 653 | # | # | |a Khoảng lặng |
| 653 | # | # | |a Múa đương đại |
| 653 | # | # | |a Nghệ sĩ múa |
| 773 | # | # | |t Tạp chí Lý luận, phê bình văn học, nghệ thuật |g Số 6, 2013, tr. 69-71 |
| 920 | # | # | |a Phòng Tạp chí --Trung tâm Thông tin - Thư viện Trường Đại học Đà Lạt |
| 900 | # | # | |a True |
| 911 | # | # | |a Lê Thị Hồng |
| 925 | # | # | |a G |
| 926 | # | # | |a A |
| 927 | # | # | |a BB |
| 980 | # | # | |a Thư viện Trường Đại học Đà Lạt |